Statistics for Movies with Space Related Terms in the Title

Click here to take the quiz!

General Stats

  • This quiz has been taken 75 times
  • The average score is 15 of 22

Answer Stats

DateMovie% Correct
1951The Day the {Earth} Stood Still
98%
19682001: A {Space} Odyssey
97%
1976A {Star} Is Born
95%
2005The Hitchhiker's Guide to the {Galaxy}
95%
1996{Mars} Attacks
94%
2017War for the {Planet} of the Apes
94%
2009The Twilight Saga: New {Moon}
91%
1987Masters of the {Universe}
89%
2015{Jupiter} Ascending
86%
1987Empire of the {Sun}
82%
1995{Apollo} 13
82%
1998{Mercury} Rising
71%
2005Breakfast on {Pluto}
71%
1980{Saturn} 3
68%
1991Meeting {Venus}
67%
1971The {Andromeda} Strain
55%
2008{Neptune} Cowboy
50%
1999The {Astronaut's} Wife
44%
1984Night of the {Comet}
33%
1954The {Rocket} Man
23%
1962The Three Stooges in {Orbit}
18%
1959The {Cosmic} Man
2%

Score Distribution

Percentile by Number Answered

Percent of People with Each Score

Your Score History

You have not taken this quiz